| 000 | 00483nam a22001577a 4500 | ||
|---|---|---|---|
| 003 | OSt | ||
| 005 | 20151117150008.0 | ||
| 008 | 151117b xxu||||| |||| 00| 0 eng d | ||
| 040 | _cRUA | ||
| 082 | _aFIS ហុង 1991 B145 Or.1 | ||
| 100 |
_93802 _aហុង សុម៉ាល័យ |
||
| 245 | _aការថែរក្សាបង្គាស្រស់មុនពេលបង្កក | ||
| 260 |
_aPhnom Penh _bRUA _c1991 |
||
| 300 |
_a86p. _bill. _c29cm. |
||
| 942 |
_2ddc _cFIS |
||
| 999 |
_c3535 _d3535 |
||